00467nam a2200193 a 4500001001300000003000900013005001700022008004100039020001000080082002100090100001600111245001600127260004400143300000900187500003500196505001000231650001600241700001600257nice12345678IN_TiNIC20260116013737.0050524s1997 lona grp 000 0 eng  ac17500a306.0899145bFUL aFuller, C J aCaste Today aLondan bOxford University Press c1997 a295p aincludes index and biblioraphy2 aIndex aCaste-India1 aFuller, C J